| 000 | 00708nam a2200181Ia 4500 | ||
|---|---|---|---|
| 008 | 090124s9999 xx 000 0 und d | ||
| 082 | _b38860 | ||
| 100 | _aचित्रे दिलीप पुरुषोत्तम | ||
| 245 | _a पुन्हा तुकाराम | ||
| 250 | _a2 | ||
| 260 |
_b"पॉप्युलर प्रकाशन ,बाँम्बे" _c2001 |
||
| 300 | _a217 | ||
| 600 | _aचित्रे दिलीप पुरुषोत्तम | ||
| 630 | _a पुन्हा तुकाराम | ||
| 700 | _aचित्रे दिलीप पुरुषोत्तम | ||
| 730 | _a पुन्हा तुकाराम | ||
| 942 | _cBOOK | ||
| 999 |
_c104690 _d104690 |
||